Stavebný odpad v kontexte strategických dokumentov

Oblasť stavebných odpadov v podmienkach SR. Stavebné odpady tvoria významnú časť z celkového množstva odpadov. Pre tento segment neexistujú aktuálne špecifické pravidlá, čo sa bude musieť zmeniť aj napríklad z dôvodu Plánu obnovy a odolnosti SR.

Guardado en:
Detalles Bibliográficos
Autor principal: Šimurka, Peter
Formato: Capítulo de libro
Lenguaje:eslovaco
Materias:
Etiquetas: Agregar Etiqueta
Sin Etiquetas, Sea el primero en etiquetar este registro!

MARC

LEADER 00000naa a2200000 4500
001 0281968
005 20240417075153.7
041 0 |a slo 
044 |a SK 
245 1 0 |a Stavebný odpad v kontexte strategických dokumentov  |c Peter Šimurka 
520 |a Oblasť stavebných odpadov v podmienkach SR. Stavebné odpady tvoria významnú časť z celkového množstva odpadov. Pre tento segment neexistujú aktuálne špecifické pravidlá, čo sa bude musieť zmeniť aj napríklad z dôvodu Plánu obnovy a odolnosti SR. 
610 2 0 |a odpad 
610 2 0 |a stavebníctvo 
610 2 0 |a Európska únia 
610 2 0 |a recyklácia odpadu 
100 1 |a Šimurka, Peter